=LDR 00000nam 2200000 4500 =001 INLIS000000000038945 =005 20130612144613 =008 ***********************************ind** =035 ##$$0010-061300000038945 =041 ##$$a ind =082 ##$$a 813 =090 ##$$a 813, Lin c.1 =100 ##$$a LINZ, Cathie =245 ##$$a Cinta sang marinir, Cathie linz;Alih bahasa,Sany quamaria djuanda =260 ##$$a 2011 $b Jakarta =300 ##$$a 228 Hlm, 18 cm =650 ##$$a FIKSI =700 ##$$a DJUANDA, sany Quamaria =850 ##$$a NBPNMAT